00860cam a2200217Ka 450000500170000000800410001702000160005802000190007404000500009304100080014310000240015124501340017526000790030930000500038850400530043865000280049165000280051965000500054765000250059770000200062220140711151837.0140711s1991 xxuad fr 001 0 eng d a0801841550  a9780801841569  aCO-BoUCMbspacJose A. GerenadJose A. Gerena aeng1 aGrindle, Merilee S.10aPublic choices and policy changebthe political economy of reform in developing countries cMerilee S. Grindle and John W. Thomas aBaltimore (Maryland, Estados Unidos)bJohns Hopkins University Pressc1991 axvi, 222 páginasbilustraciones, gráficas aIncluye referencias bibliográficas e índices 7aDesarrollo económico  7aPolítica económica  7aPolíticas públicasxAspectos económicos 7aReforma económica 1 aThomas, John W.